[Event "POL-chT 2nd League"]
[Site "Jastrzebia Gora"]
[Date "2023.09.10"]
[Round "9.124"]
[White "Spyra, Piotr"]
[Black "Boruta, Dawid"]
[Result "1/2-1/2"]
[WhiteElo "1850"]
[BlackElo "1990"]
[PlyCount "23"]
[EventDate "2023.09.02"]
[EventType "team-swiss"]
[EventRounds "9"]
[EventCountry "POL"]
[SourceTitle "EXT 2024"]
[Source "ChessBase"]
[SourceDate "2023.10.10"]
[SourceVersion "1"]
[SourceVersionDate "2023.10.10"]
[SourceQuality "1"]
[WhiteTeam "Marklowice Hetman"]
[BlackTeam "Zory Roszada"]
[WhiteTeamCountry "POL"]
[BlackTeamCountry "POL"]

1. e4 c6 2. d4 d5 3. f3 dxe4 4. fxe4 e5 5. Nf3 Bg4 6. Bc4 Nd7 7. 0-0 Ngf6 8. Bg5 Be7 9. c3 0-0 10. Nbd2 Qc7 11. a4 Rad8 12. Qc2 1/2-1/2

[Event "POL-chT 2nd League"]
[Site "Jastrzebia Gora"]
[Date "2023.09.02"]
[Round "1.119"]
[White "Kolodziejski, Grzegorz"]
[Black "Boruta, Dawid"]
[Result "0-1"]
[WhiteElo "1552"]
[BlackElo "1990"]
[PlyCount "82"]
[EventDate "2023.09.02"]
[EventType "team-swiss"]
[EventRounds "9"]
[EventCountry "POL"]
[SourceTitle "EXT 2024"]
[Source "ChessBase"]
[SourceDate "2023.10.10"]
[SourceVersion "1"]
[SourceVersionDate "2023.10.10"]
[SourceQuality "1"]
[WhiteTeam "Lubsko Caissa"]
[BlackTeam "Zory Roszada"]
[WhiteTeamCountry "POL"]
[BlackTeamCountry "POL"]

1. e4 c6 2. d4 d5 3. Nc3 dxe4 4. Nxe4 Bf5 5. Ng3 Bg6 6. h4 h6 7. Nf3 Nd7 8. h5 Bh7 9. Bd3 Bxd3 10. Qxd3 e6 11. Bd2 Ngf6 12. 0-0-0 Be7 13. Kb1 Qb6 14. Ne4 Nxe4 15. Qxe4 Nf6 16. Qe2 Qb5 17. c4 Qf5+ 18. Ka1 Qe4 19. Qf1 a5 20. Rh4 Qf5 21. Ne5 Ne4 22. Rf4 Nxd2 23. Rxf5 Nxf1 24. Rxf7 Bf6 25. Rxb7 0-0-0 26. Rb6 Bxe5 27. Rxf1 Kc7 28. Ra6 Rxd4 29. Rxa5 Rhd8 30. Kb1 Bf6 31. b3 Rd2 32. g4 Kb6 33. Ra4 Rb2+ 34. Kc1 Rdd2 35. f4 Rxa2 36. c5+ Kxc5 37. Rc4+ Kb5 38. f5 Rdb2 39. Kd1 Rb1+ 40. Rc1 Rxc1+ 41. Kxc1 Ra1+ 0-1

[Event "POL-chT 2nd League"]
[Site "Jastrzebia Gora"]
[Date "2022.09.11"]
[Round "9.105"]
[White "Boruta, Dawid"]
[Black "Markiewicz, Mateusz"]
[Result "1/2-1/2"]
[WhiteElo "1912"]
[BlackElo "2048"]
[PlyCount "106"]
[EventDate "2022.09.03"]
[EventType "team-swiss"]
[EventRounds "9"]
[EventCountry "POL"]
[SourceTitle "CBM 210 Extra"]
[Source "ChessBase"]
[SourceDate "2022.11.30"]
[SourceVersion "1"]
[SourceVersionDate "2022.11.30"]
[SourceQuality "1"]
[WhiteTeam "Zory Roszada"]
[BlackTeam "Pilzno GKSz Hetman"]
[WhiteTeamCountry "POL"]
[BlackTeamCountry "POL"]

1. f4 d5 2. Nf3 f5 3. b3 Nf6 4. Bb2 e6 5. e3 Bd6 6. d3 0-0 7. Nbd2 b6 8. Ne5 Bb7 9. Ndf3 Nbd7 10. Be2 c5 11. 0-0 Rc8 12. c4 Bb8 13. Qe1 Qe7 14. Qh4 Rfe8 15. Ng5 Nf8 16. Qg3 dxc4 17. bxc4 N6d7 18. Ngf7 Nxe5 19. Nxe5 Rcd8 20. Rad1 Nd7 21. Bf3 Nxe5 22. fxe5 Rf8 23. Bc3 Ba6 24. e4 f4 25. Qh3 g5 26. Bg4 Bc8 27. g3 fxg3 28. Qxg3 Qg7 29. Rf6 Rxf6 30. exf6 Bxg3 31. fxg7 Bf4 32. Bf6 Rd6 33. e5 Rd4 34. h3 Be3+ 35. Kf1 Rf4+ 36. Ke2 Bd4 37. Rf1 Kf7 38. Rf3 Bd7 39. Bh5+ Kg8 40. Bg4 Kf7 41. Kf1 Kg8 42. Kg2 Rxg4+ 43. hxg4 Bc6 44. Kg3 Bxf3 45. Kxf3 Kf7 46. Ke2 Bc3 47. Kd1 Bd4 48. Kc2 Be3 49. Kd1 Kg8 50. Ke2 Bd4 51. Kf3 Kf7 52. Ke4 h6 53. a4 Bc3 1/2-1/2

[Event "POL-chT 2nd League"]
[Site "Jastrzebia Gora"]
[Date "2022.09.08"]
[Round "6.123"]
[White "Boruta, Dawid"]
[Black "Zielinski, Olgierd"]
[Result "1-0"]
[WhiteElo "1912"]
[BlackElo "1800"]
[PlyCount "82"]
[EventDate "2022.09.03"]
[EventType "team-swiss"]
[EventRounds "9"]
[EventCountry "POL"]
[SourceTitle "CBM 210 Extra"]
[Source "ChessBase"]
[SourceDate "2022.11.30"]
[SourceVersion "1"]
[SourceVersionDate "2022.11.30"]
[SourceQuality "1"]
[WhiteTeam "Zory Roszada"]
[BlackTeam "Torun UMK"]
[WhiteTeamCountry "POL"]
[BlackTeamCountry "POL"]

1. f4 d5 2. Nf3 g6 3. g3 Bg7 4. Bg2 b6 5. 0-0 Nf6 6. d3 Bb7 7. Ne5 Nfd7 8. d4 Nf6 9. Nd2 0-0 10. e3 Nbd7 11. a4 a5 12. b3 Rc8 13. Ba3 c5 14. c4 Ba6 15. Rc1 Re8 16. Re1 cxd4 17. exd4 Bb7 18. Qe2 e6 19. g4 Nb8 20. g5 Nh5 21. Qe3 f6 22. Nef3 dxc4 23. bxc4 Qc7 24. gxf6 Bxf6 25. Ne5 Bxg2 26. Kxg2 Rcd8 27. Ne4 Bg7 28. c5 bxc5 29. Rxc5 Qb7 30. Rb5 Qa8 31. Kg1 Nc6 32. Bc5 Nxe5 33. fxe5 Bf8 34. Rf1 Bxc5 35. Rxc5 Rf8 36. Nf6+ Nxf6 37. exf6 Rde8 38. Rc7 Rf7 39. Qe5 Qd5 40. Rxf7 Kxf7 41. Qc7+ Kg8 1-0

[Event "POL-chT 2nd League"]
[Site "Sypniewo"]
[Date "2021.09.11"]
[Round "8.4"]
[White "Sroka, Janusz"]
[Black "Boruta, Dawid"]
[Result "1-0"]
[WhiteElo "1912"]
[BlackElo "1880"]
[PlyCount "43"]
[EventDate "2021.09.04"]
[EventType "team-swiss"]
[EventRounds "9"]
[EventCountry "POL"]
[SourceTitle "CBM 204 Extra"]
[Source "ChessBase"]
[SourceDate "2021.11.30"]
[SourceVersion "1"]
[SourceVersionDate "2021.11.30"]
[SourceQuality "1"]
[WhiteTeam "Chroscice Victoria"]
[BlackTeam "Zory Roszada"]
[WhiteTeamCountry "POL"]
[BlackTeamCountry "POL"]

1. e4 c6 2. d4 d5 3. f3 e6 4. Nc3 Bb4 5. a3 Bxc3+ 6. bxc3 dxe4 7. Qe2 exf3 8. Nxf3 Nf6 9. Qe5 Qd5 10. Qg3 Qe4+ 11. Kd1 Qg4 12. Qe1 0-0 13. h3 Qe4 14. Qf2 c5 15. Bd3 Qd5 16. c4 Qd6 17. Qh4 Nbd7 18. Bf4 Qb6 19. Ne5 Qb2 20. Ke2 Qxd4 21. Nf3 Qc3 22. Bd2 1-0

[Event "POL-chT 2nd League"]
[Site "Poronin"]
[Date "2020.09.07"]
[Round "3.15"]
[White "Boruta, Dawid"]
[Black "Watorek, Marcin"]
[Result "1/2-1/2"]
[WhiteElo "1822"]
[BlackElo "2100"]
[PlyCount "123"]
[EventDate "2020.09.05"]
[EventType "team-swiss"]
[EventRounds "9"]
[EventCountry "POL"]
[SourceTitle "CBM 198 Extra"]
[Source "ChessBase"]
[SourceDate "2020.11.30"]
[SourceVersion "1"]
[SourceVersionDate "2020.11.30"]
[SourceQuality "1"]
[WhiteTeam "Zory Roszada"]
[BlackTeam "Myslenice MLKSz"]
[WhiteTeamCountry "POL"]
[BlackTeamCountry "POL"]

1. f4 d5 2. Nf3 c5 3. g3 Nc6 4. Bg2 g6 5. 0-0 Bg7 6. d3 d4 7. c3 Nh6 8. e4 dxe3 9. Bxe3 Qb6 10. Qe2 Ng4 11. Bc1 Bf5 12. Kh1 Rd8 13. Ne1 h5 14. h3 Nf6 15. Nd2 Qa6 16. Nb3 Qb5 17. Be3 Nd7 18. Qf2 0-0 19. Bxc5 Nxc5 20. Nxc5 e5 21. a4 Qb6 22. Ne4 Qc7 23. fxe5 Bxe5 24. d4 Bxe4 25. Bxe4 Bxg3 26. Qf3 h4 27. Nd3 Qd7 28. Kg2 f5 29. Bxc6 bxc6 30. Nf4 Rf6 31. Ne2 Bb8 32. Rae1 Qd6 33. Qf4 Qd5+ 34. Qf3 Qb3 35. Qf2 Re8 36. Qxh4 Rfe6 37. Rf2 Qd5+ 38. Kg1 Qc4 39. Kf1 Qd3 40. Qg5 Bg3 41. Qxg3 Qxg3 42. Nxg3 Rxe1+ 43. Kg2 Ra1 44. h4 Rf8 45. Kf3 Kg7 46. Re2 Rxa4 47. Re6 Rf6 48. Re7+ Rf7 49. Re6 Rc7 50. h5 gxh5 51. Nxh5+ Kf7 52. Rf6+ Kg8 53. Rxf5 Rf7 54. Rxf7 Kxf7 55. Nf4 Ra1 56. Nd3 Ke6 57. Ke3 a5 58. Kd2 Kd5 59. Kc2 Rh1 60. Kb3 Rh2 61. Nc5 Rg2 62. Na4 1/2-1/2

[Event "POL-chT 2nd League"]
[Site "Jastrzebia Gora"]
[Date "2018.09.04"]
[Round "4.82"]
[White "Boruta, Dawid"]
[Black "Drozniak, Stanislaw"]
[Result "0-1"]
[WhiteElo "1854"]
[BlackElo "2043"]
[PlyCount "96"]
[EventDate "2018.09.01"]
[EventType "team-swiss"]
[EventRounds "9"]
[EventCountry "POL"]
[SourceTitle "CBM 186 Extra"]
[Source "ChessBase"]
[SourceDate "2018.08.24"]
[SourceVersion "1"]
[SourceVersionDate "2018.08.24"]
[SourceQuality "1"]
[WhiteTeam "Zory Roszada"]
[BlackTeam "Jastrzebie Zdroj Pionier"]
[WhiteTeamCountry "POL"]
[BlackTeamCountry "POL"]

1. f4 c5 2. Nf3 Nc6 3. g3 h5 4. e4 d5 5. exd5 Qxd5 6. Nc3 Qe6+ 7. Qe2 a6 8. a3 Nh6 9. d3 Nf5 10. Qxe6 Bxe6 11. Ne2 h4 12. Rg1 hxg3 13. hxg3 Bd5 14. Bg2 0-0-0 15. Bd2 Nfd4 16. Nexd4 Nxd4 17. Nxd4 Bxg2 18. 0-0-0 Bd5 19. Nf5 e6 20. Ne3 Bc6 21. Nc4 f6 22. Rde1 b5 23. Ne3 Bd6 24. Re2 Rh3 25. Nd1 Kd7 26. Nc3 f5 27. Nd1 g5 28. Be3 g4 29. Kd2 Re8 30. c3 e5 31. fxe5 Rxe5 32. Bf4 Rxe2+ 33. Kxe2 Bxf4 34. gxf4 Bf3+ 35. Kf2 Bxd1 36. Rxd1 Rf3+ 37. Kg2 Rxf4 38. Rh1 Ke6 39. Rh6+ Ke5 40. Rxa6 Rf3 41. d4+ cxd4 42. cxd4+ Kf4 43. Rc6 Rd3 44. Rc2 Rxd4 45. b3 Rd3 46. Rb2 Kg5 47. Kf2 f4 48. Kg2 Kh4 0-1

[Event "POL-chT 2nd League"]
[Site "Jastrzebia Gora"]
[Date "2018.09.02"]
[Round "2.6"]
[White "Boruta, Dawid"]
[Black "Dabrowska, Krystyna"]
[Result "1/2-1/2"]
[WhiteElo "1854"]
[BlackElo "2201"]
[PlyCount "164"]
[EventDate "2018.09.01"]
[EventType "team-swiss"]
[EventRounds "9"]
[EventCountry "POL"]
[SourceTitle "CBM 186 Extra"]
[Source "ChessBase"]
[SourceDate "2018.08.24"]
[SourceVersion "1"]
[SourceVersionDate "2018.08.24"]
[SourceQuality "1"]
[WhiteTeam "Zory Roszada"]
[BlackTeam "Ostroda Ostrodzianka"]
[WhiteTeamCountry "POL"]
[BlackTeamCountry "POL"]

1. f4 d5 2. Nf3 Nf6 3. g3 e6 4. Bg2 Be7 5. 0-0 0-0 6. d3 c5 7. Nc3 Nc6 8. e4 a6 9. e5 Nd7 10. h4 b5 11. Kh2 b4 12. Ne2 Rb8 13. Be3 a5 14. Bf2 a4 15. Ng5 Qc7 16. Ng1 h6 17. N5f3 d4 18. Nd2 Bb7 19. Ngf3 Nb6 20. Qe2 Nd8 21. Ne4 Nd7 22. Nfd2 Bd5 23. Bh3 Re8 24. g4 f6 25. exf6 gxf6 26. Bg3 Qc6 27. g5 f5 28. gxh6 Nf7 29. h7+ Kh8 30. Ng5 Rf8 31. Qh5 Nd6 32. Rae1 Rf6 33. Ndf3 Nf8 34. Ne5 Qe8 35. Qe2 Nxh7 36. Bg2 Bxg2 37. Qxg2 Rh6 38. Kg1 Nf8 39. Re2 Bf6 40. Rfe1 Bg7 41. Qf3 Rb7 42. Qc6 Qxc6 43. Nxc6 b3 44. axb3 axb3 45. Nd8 Rd7 46. Ndxe6 Nxe6 47. Nxe6 bxc2 48. Nxc5 Rc7 49. Rxc2 Nb7 50. b4 Rhc6 51. Rec1 Kh7 52. Kg2 Bf8 53. Bf2 Bg7 54. Kf3 Bf6 55. Ke2 Nd6 56. Kd2 Rb6 57. Rb1 Rg7 58. Ne6 Rg2 59. Ke2 Bxh4 60. Kf3 Rxf2+ 61. Rxf2 Bxf2 62. Kxf2 Nb5 63. Ng5+ Kg7 64. Nf3 Rc6 65. Rg1+ Kh7 66. Ng5+ Kh8 67. Nf7+ Kh7 68. Ne5 Rc2+ 69. Kf3 Rb2 70. Rg5 Nd6 71. Rg6 Nb5 72. Rf6 Rxb4 73. Rxf5 Rb1 74. Rg5 Nc3 75. Nc6 Rd1 76. Ne5 Rf1+ 77. Kg4 Nd5 78. Nf3 Ne3+ 79. Kg3 Rd1 80. Ne5 Rf1 81. Nf3 Rd1 82. Ne5 Rf1 1/2-1/2

[Event "Polanica Zdroj op-B 48th"]
[Site "Polanica Zdroj"]
[Date "2012.08.26"]
[Round "9"]
[White "Pasanen, Tuomo Tapio"]
[Black "Boruta, Dawid"]
[Result "1-0"]
[WhiteElo "2007"]
[BlackElo "1859"]
[PlyCount "47"]
[EventDate "2012.08.18"]
[EventType "swiss"]
[EventRounds "9"]
[EventCountry "POL"]
[SourceTitle "EXT 2014"]
[Source "ChessBase"]
[SourceDate "2013.11.20"]
[SourceVersion "1"]
[SourceVersionDate "2013.11.20"]
[SourceQuality "1"]

1. e4 d5 2. exd5 Qxd5 3. Nc3 Qd6 4. d4 Nf6 5. Nf3 a6 6. g3 Bg4 7. h3 Bh5 8. Bg2 c6 9. Bf4 Qd8 10. 0-0 e6 11. g4 Bg6 12. Ne5 Nfd7 13. Nxg6 hxg6 14. d5 e5 15. Re1 Qc7 16. Ne4 f6 17. Qd3 Kf7 18. d6 Qa5 19. Qc4+ Ke8 20. b4 Qb6 21. Qe6+ Kd8 22. Ng5 fxg5 23. Bxg5+ Be7 24. dxe7+ 1-0

[Event "Polanica Zdroj op-B 48th"]
[Site "Polanica Zdroj"]
[Date "2012.08.19"]
[Round "2"]
[White "Cieslar, Michal"]
[Black "Boruta, Dawid"]
[Result "1-0"]
[WhiteElo "2010"]
[BlackElo "1859"]
[PlyCount "87"]
[EventDate "2012.08.18"]
[EventType "swiss"]
[EventRounds "9"]
[EventCountry "POL"]
[SourceTitle "EXT 2014"]
[Source "ChessBase"]
[SourceDate "2013.11.20"]
[SourceVersion "1"]
[SourceVersionDate "2013.11.20"]
[SourceQuality "1"]

1. e4 d5 2. e5 c5 3. d3 Nc6 4. Bf4 e6 5. Nf3 Nge7 6. h4 Qb6 7. b3 d4 8. g4 Nd5 9. Bd2 Qc7 10. Qe2 b5 11. c4 bxc4 12. bxc4 Nb6 13. Bg2 Bb7 14. 0-0 Nd7 15. Na3 a6 16. Rae1 h5 17. gxh5 Rxh5 18. Bf4 Be7 19. Rb1 0-0-0 20. Rxb7 Qxb7 21. Nxd4 cxd4 22. c5 Rxh4 23. Bg3 Rhh8 24. Rb1 Qc7 25. Nc4 Na5 26. Nd6+ Bxd6 27. cxd6 Qc3 28. Qd1 Nc5 29. Qf3 Ncb7 30. Bf4 Rd7 31. Rc1 Qxc1+ 32. Bxc1 Kb8 33. Bd2 Ka7 34. Qe4 Rc8 35. Qxd4+ Kb8 36. Qb6 Rc5 37. Bxa5 Rxa5 38. Bc6 Rb5 39. Bxb5 axb5 40. Qxb5 Kc8 41. a4 Nd8 42. a5 Rb7 43. Qa4 Kb8 44. a6 1-0

[Event "Rewal op-A 16th"]
[Site "Rewal"]
[Date "2011.08.28"]
[Round "9"]
[White "Duszenko, Michal"]
[Black "Boruta, Dawid"]
[Result "1/2-1/2"]
[WhiteElo "1840"]
[BlackElo "1874"]
[PlyCount "101"]
[EventDate "2011.08.19"]
[EventType "swiss"]
[EventRounds "9"]
[EventCountry "POL"]
[SourceTitle "CBM 144 Extra"]
[Source "ChessBase"]
[SourceDate "2011.10.28"]
[SourceVersion "1"]
[SourceVersionDate "2011.10.28"]
[SourceQuality "1"]

1. e4 d5 2. exd5 Qxd5 3. Nc3 Qd6 4. d4 Nf6 5. Nf3 a6 6. Be2 Nbd7 7. 0-0 g6 8. g3 b5 9. Bf4 Qb6 10. a4 b4 11. a5 Qa7 12. Na4 Nd5 13. Qd2 Bg7 14. Bh6 0-0 15. c4 bxc3 16. bxc3 Bb7 17. c4 N5f6 18. Nc3 Rfd8 19. Bxg7 Kxg7 20. Qf4 Rac8 21. Rab1 e6 22. Rfd1 Qa8 23. Rd2 c5 24. Rbd1 cxd4 25. Rxd4 Nc5 26. Ne5 Rxd4 27. Qxd4 Nb3 28. Qb6 Nc5 29. Qb4 Qb8 30. Nd3 Nxd3 31. Rxd3 Qc7 32. Rd6 Bc6 33. c5 Rb8 34. Qd4 Qb7 35. Qd3 Ne8 36. Rd4 Nc7 37. Rf4 e5 38. Rh4 f6 39. Qe3 Nd5 40. Qh6+ Kg8 41. Bc4 Rd8 42. Qe3 Kg7 43. Nxd5 Bxd5 44. Bxd5 Rxd5 45. Qc1 Qd7 46. Qe3 Rd1+ 47. Kg2 Qd5+ 48. Kh3 Qe6+ 49. Kg2 Qd5+ 50. Kh3 Qe6+ 51. Kg2 1/2-1/2

[Event "Rewal op-A 16th"]
[Site "Rewal"]
[Date "2011.08.26"]
[Round "7"]
[White "Tomaszewska, Luiza"]
[Black "Boruta, Dawid"]
[Result "1-0"]
[WhiteElo "1993"]
[BlackElo "1874"]
[PlyCount "163"]
[EventDate "2011.08.19"]
[EventType "swiss"]
[EventRounds "9"]
[EventCountry "POL"]
[SourceTitle "CBM 144 Extra"]
[Source "ChessBase"]
[SourceDate "2011.10.28"]
[SourceVersion "1"]
[SourceVersionDate "2011.10.28"]
[SourceQuality "1"]

1. e4 d5 2. exd5 Qxd5 3. Nc3 Qd6 4. d4 Nf6 5. Nf3 a6 6. Bd3 Bg4 7. h3 Bh5 8. g4 Bg6 9. Ne2 Nc6 10. Bf4 Qd7 11. c4 e6 12. a3 Bd6 13. g5 Bxf4 14. gxf6 Bh6 15. Bxg6 hxg6 16. d5 Nd8 17. Ne5 Qd6 18. Qa4+ b5 19. cxb5 Qxe5 20. b6+ Kf8 21. Qb4+ Qd6 22. bxc7 Qxb4+ 23. axb4 Nb7 24. Rxa6 Rc8 25. d6 Ke8 26. Rb6 Nxd6 27. Rxd6 Rxc7 28. Ra6 Kd7 29. 0-0 gxf6 30. Rd1+ Ke7 31. Nc3 Bf4 32. b5 Rb8 33. b6 Rcb7 34. Na4 Bd6 35. Ra7 e5 36. Rd5 Ke6 37. Rda5 Kd7 38. Rxb7+ Rxb7 39. Ra8 Kc6 40. Rc8+ Kb5 41. b3 Kb4 42. Rc6 Kxb3 43. Rxd6 Kxa4 44. Rxf6 Kb5 45. Kg2 Kc5 46. Kg3 Kd5 47. Kg4 e4 48. Kf4 Re7 49. h4 Rb7 50. Kg5 Ke5 51. Rc6 Rb8 52. Rc5+ Ke6 53. Rb5 Rb7 54. Kf4 f5 55. Kg5 Kf7 56. h5 gxh5 57. Rxf5+ Ke6 58. Rb5 Kd6 59. Kf4 Kc6 60. Rxh5 Rf7+ 61. Ke3 Kxb6 62. Rh4 Kc6 63. Rxe4 Kd5 64. Re8 Rf6 65. f3 Rf5 66. f4 Rf6 67. Kf3 Kd6 68. Kg4 Kd7 69. Re4 Rf8 70. Kg5 Rg8+ 71. Kf6 Rf8+ 72. Kg7 Rf5 73. Kg6 Rf8 74. f5 Rg8+ 75. Kf7 Rg3 76. f6 Rg2 77. Rd4+ Kc7 78. Kf8 Rg3 79. f7 Rg2 80. Ke7 Re2+ 81. Kf6 Rf2+ 82. Ke6 1-0

[Event "Rewal op-A 16th"]
[Site "Rewal"]
[Date "2011.08.23"]
[Round "4"]
[White "Boruta, Dawid"]
[Black "Gabrys, Sebastian"]
[Result "1-0"]
[WhiteElo "1874"]
[BlackElo "1805"]
[PlyCount "129"]
[EventDate "2011.08.19"]
[EventType "swiss"]
[EventRounds "9"]
[EventCountry "POL"]
[SourceTitle "CBM 144 Extra"]
[Source "ChessBase"]
[SourceDate "2011.10.28"]
[SourceVersion "1"]
[SourceVersionDate "2011.10.28"]
[SourceQuality "1"]

1. f4 Nf6 2. Nf3 d5 3. g3 c5 4. Bg2 Nc6 5. 0-0 g6 6. d3 Bg7 7. c3 0-0 8. Na3 Bf5 9. Nh4 Qd7 10. Nxf5 Qxf5 11. Qc2 d4 12. Nc4 Nd5 13. e4 dxe3 14. Nxe3 Nxe3 15. Bxe3 c4 16. Be4 cxd3 17. Qxd3 Qf6 18. Qc2 e6 19. Rad1 Rfd8 20. Qa4 Rxd1 21. Rxd1 e5 22. Qb5 Rd8 23. Rf1 Rd7 24. f5 a6 25. Qc4 Qd6 26. fxg6 hxg6 27. Bc5 Qe6 28. Qxe6 fxe6 29. Bxg6 Nd8 30. Be3 Bf8 31. Kf2 Kg7 32. Be4 Nf7 33. Ke2 Nd6 34. Bg2 Nc4 35. Bc1 Nb6 36. Bh3 Rd6 37. Rf3 Nd5 38. Bd2 e4 39. Rf1 Be7 40. c4 e3 41. Bxe3 Nxe3 42. Kxe3 Bg5+ 43. Kf3 e5 44. Kg4 Be3 45. Kf5 Bd4 46. b3 Rh6 47. Kg4 Rg6+ 48. Kf5 Rh6 49. Bg2 Rxh2 50. Bxb7 Rxa2 51. Ke6 Ra3 52. Rf3 a5 53. Bc6 Ra1 54. Rd3 Rc1 55. Kd5 Kf6 56. Bd7 Kg5 57. Kc6 a4 58. bxa4 Rxc4+ 59. Kd5 Rc5+ 60. Ke4 Rc7 61. Be6 Ra7 62. Ra3 Kf6 63. Bg4 Rg7 64. Bf5 Ra7 65. a5 1-0